[Event "Muensterland op 22nd"]
[Site "Senden"]
[Date "2004.10.23"]
[Round "3"]
[White "Zaragatski, Ilja"]
[Black "Jahnke, Bernd"]
[Result "1-0"]
[WhiteElo "2334"]
[BlackElo "1817"]
[PlyCount "43"]
[EventDate "2004.10.22"]
[EventType "swiss"]
[EventRounds "9"]
[EventCountry "GER"]
[SourceTitle "EXT 2006"]
[Source "ChessBase"]
[SourceDate "2005.11.24"]
[SourceVersion "1"]
[SourceVersionDate "2005.11.24"]
[SourceQuality "1"]

1. e4 Nh6 2. d4 g6 3. Nc3 Bg7 4. Be3 Nc6 5. d5 Nb8 6. h3 f6 7. Qd2 Nf7 8. 0-0-0 d6 9. f4 e5 10. dxe6 Bxe6 11. Nf3 Nc6 12. g4 f5 13. gxf5 gxf5 14. Nd4 Nxd4 15. Bxd4 Bxd4 16. Qxd4 Qh4 17. exf5 Bxf5 18. Bc4 Rf8 19. Rhe1+ Kd7 20. Nd5 Kd8 21. Re7 Bd7 22. Qg7 1-0

[Event "Dortmund op-B"]
[Site "Dortmund"]
[Date "2004.07.29"]
[Round "7"]
[White "Wiesemann, Peter"]
[Black "Jahnke, Bernd"]
[Result "1/2-1/2"]
[WhiteElo "1742"]
[BlackElo "1801"]
[PlyCount "97"]
[EventDate "2004.07.??"]
[EventType "swiss"]
[EventRounds "9"]
[EventCountry "GER"]
[SourceTitle "EXT 2006"]
[Source "ChessBase"]
[SourceDate "2005.11.24"]
[SourceVersion "1"]
[SourceVersionDate "2005.11.24"]
[SourceQuality "1"]

1. e4 d5 2. exd5 Qxd5 3. d4 e5 4. dxe5 Qxd1+ 5. Kxd1 Nc6 6. f4 Bf5 7. c3 Bc5 8. Nf3 0-0-0+ 9. Bd2 f6 10. Bb5 Nge7 11. exf6 gxf6 12. Kc1 a6 13. Bxc6 Nxc6 14. b4 Bb6 15. Na3 Rhg8 16. g3 Be4 17. Rf1 Ba7 18. Nc2 Rge8 19. Nce1 Bd5 20. Kb2 Re2 21. Rd1 Be3 22. Kc1 Bf2 23. Ng1 Rxd2 24. Rxd2 Be3 25. Rff2 Bxa2 26. Kc2 Rxd2+ 27. Rxd2 Bxg1 28. Nf3 Bb6 29. Re2 Bc4 30. Re8+ Kd7 31. Rh8 Bd5 32. Nh4 Be4+ 33. Kd2 Bg1 34. f5 Bxh2 35. Rxh7+ Kd6 36. Ke3 Bd5 37. Kf2 Ne5 38. Rg7 b6 39. Ng2 a5 40. bxa5 bxa5 41. Ne3 Bc6 42. Rh7 Nf3 43. Nc4+ Kc5 44. Nxa5 Bg1+ 45. Kf1 Bb5+ 46. c4 Ba4 47. Kg2 Ng5 48. Rxc7+ Kb6 49. Rb7+ 1/2-1/2

[Event "Dortmund op-B"]
[Site "Dortmund"]
[Date "2004.07.25"]
[Round "3"]
[White "Olyschlaeger, Richard"]
[Black "Jahnke, Bernd"]
[Result "0-1"]
[WhiteElo "1433"]
[BlackElo "1801"]
[PlyCount "47"]
[EventDate "2004.07.??"]
[EventType "swiss"]
[EventRounds "9"]
[EventCountry "GER"]
[SourceTitle "EXT 2006"]
[Source "ChessBase"]
[SourceDate "2005.11.24"]
[SourceVersion "1"]
[SourceVersionDate "2005.11.24"]
[SourceQuality "1"]

1. e4 Nh6 2. d4 g6 3. Nc3 Bg7 4. Be3 Nc6 5. f3 f6 6. Qd2 Nf7 7. h4 h5 8. Nge2 d6 9. g3 e5 10. d5 Ne7 11. Bh3 Bxh3 12. Rxh3 c5 13. f4 b5 14. Rh1 Qd7 15. Nd1 f5 16. Nf2 a5 17. c3 0-0 18. Rg1 Rfb8 19. Kf1 Qb7 20. Kg2 fxe4 21. Nxe4 Nxd5 22. Kf2 exf4 23. Bxf4 Nxf4 24. Nxf4 0-1

[Event "Muensterland Verbandsklasse-B 0304"]
[Site "Germany"]
[Date "2004.04.17"]
[Round "9.8"]
[White "Jahnke, Bernd"]
[Black "Muhmann, Reinhard"]
[Result "1-0"]
[WhiteElo "1792"]
[BlackElo "1518"]
[PlyCount "67"]
[EventDate "2003.09.20"]
[EventType "team-tourn"]
[EventRounds "9"]
[EventCountry "GER"]
[SourceTitle "EXT 2005"]
[Source "ChessBase"]
[SourceDate "2004.11.15"]
[SourceVersion "1"]
[SourceVersionDate "2004.11.15"]
[SourceQuality "1"]
[WhiteTeam "Muenster IV"]
[BlackTeam "Emsdetten Rochade II"]
[WhiteTeamCountry "GER"]
[BlackTeamCountry "GER"]

1. b4 e5 2. Bb2 d6 3. c4 Nf6 4. e3 Be7 5. Nf3 Bg4 6. Be2 Nbd7 7. h3 Bh5 8. g4 Bg6 9. Nh4 0-0 10. Nxg6 fxg6 11. Qb3 Kh8 12. Nc3 c6 13. 0-0-0 c5 14. b5 a6 15. a4 Nb6 16. a5 Nbd7 17. b6 Nb8 18. Bf3 Qd7 19. Qa4 Qxa4 20. Nxa4 e4 21. Bxf6 Rxf6 22. Bxe4 Nc6 23. Bxc6 bxc6 24. Nc3 Rxf2 25. Rhf1 Rxf1 26. Rxf1 Kg8 27. Kc2 Bf6 28. Ne4 Be5 29. Ng5 Rf8 30. Rxf8+ Kxf8 31. Nf3 Bg3 32. e4 Ke7 33. b7 d5 34. e5 1-0